00461nam a2200193 a 4500001001300000003000900013005001700022008004100039020000900080082001800089100001400107245001000121260004500131300000900176500003500185505001000220650002300230700001400253nice12345678IN_TiNIC20260116011850.0050524s1980 newa grp 000 0 eng  ac9500a954.0254bLAL aLal, Muni aAkbar aNew DelhibVikas Publication Housec1980 a325p aincludes index and biblioraphy2 aIndex aMughal India-Akbar1 aLal, Muni